000 00398nam a2200157Ia 4500
008 230312s9999||||xx |||||||||||||| ||und||
020 _a0-470-39911-8
082 _a720.284
_bCHI-A
100 _aChing;Francis.D.K
245 0 _aArchitectural Graphics
260 _bJohn Wiley & Sons
_aUSA
_c2009
300 _a250
546 _aEng.
650 _aArchitecture
_vArchitectural Graphics
942 _cBK
999 _c7490
_d7490